000 01572nam0a22003131 4500
001 rc\3823115
005 20120410182343.9
021 _aRU
_b[76-26780]
035 _a(NLR Aleph) 007276686
090 _a5466374
_c5466374
100 _a20120410d1976 |||y0rusy50 ca
101 0 _arus
102 _aRU
_aRU
105 _ay z |||||
200 1 _aШлихтование химических нитей
_f[В.П. Лиознова, Е.Ф. Филинковская, И.К. Рубинская]
_gВсесоюз. науч.-исслед. ин-т искусств. волокна. Науч.-исслед. ин-т техн.-экон. исследований "НИИТЭхим"
210 _aМосква
_cНИИТЭХим
_d1976
215 _a44 с.
_d20
225 1 _aОбзорная информация
_iСерия "Промышленность химических волокон"
320 _aСписок лит.: с. 34-43 (234 назв.)
606 _aНить (текстил.) из химических волокон
_xШлихтование
_2psbo
700 1 _aЛиознова
_bВ. П.
_gВера Петровна
701 1 _aФилинковская
_bЕ. Ф.
701 1 _aРубинская
_bИ. К.
712 0 2 _aНаучно-исследовательский институт технико-экономических исследований М-ва химической промышленности СССР
_3RU\NLR\AUTH\8813349
801 0 _aRU
_bNLR
_gpsbo
801 1 _aRU
_bELAR
_2rusmarc
852 _aNLR
_j76-4/20833
942 _cBOOK
980 _aNB